[Event "GRENKE Chess Open 2024"]
[Site "Karlsruhe"]
[Date "2024.03.30"]
[Round "5.2"]
[White "Fedorovsky, Michael"]
[Black "Erigaisi Arjun"]
[Result "*"]
[WhiteElo "2419"]
[BlackElo "2748"]
[Annotator "TA"]
[PlyCount "26"]
[EventDate "2024.03.28"]
[EventType "swiss"]
[EventCountry "GER"]
[SourceTitle "playchess.com"]
[Source "ChessBase"]
[SourceQuality "1"]

1. e4 c5 2. Nf3 d6 3. d4 cxd4 4. Nxd4 Nf6 5. Nc3 a6 6. Bg5 Nbd7 7. Qe2 e6 8. O-O-O Qc7 9. g3 Be7 10. Bg2 h6 11. Be3 g6 12. f4 e5 13. Rhf1 Nb6 *

[Event "GRENKE Chess Open 2024"]
[Site "Karlsruhe"]
[Date "2024.03.30"]
[Round "5.2"]
[White "Toktomushev, Teimur"]
[Black "Gschnitzer, Adrian"]
[Result "1-0"]
[WhiteElo "2268"]
[BlackElo "2423"]
[Annotator "TA"]
[PlyCount "34"]
[EventDate "2024.03.28"]
[EventType "swiss"]
[EventCountry "GER"]
[SourceTitle "playchess.com"]
[Source "ChessBase"]
[SourceQuality "1"]

1. d4 d5 2. c4 e6 3. Nc3 a6 4. cxd5 exd5 5. Nf3 c6 6. Qc2 Nf6 7. Bg5 Be6 8. e3 h6 9. Bf4 c5 10. dxc5 Bxc5 11. h3 Nc6 12. Be2 O-O 13. O-O Rc8 14. Rac1 Ba7 15. Rfd1 Qe7 16. Qa4 Rfd8 17. Bg3 Bf5 1-0

[Event "GRENKE Chess Open 2024"]
[Site "Karlsruhe"]
[Date "2024.03.30"]
[Round "5.3"]
[White "Sjugirov, Sanan"]
[Black "Ostrovskiy, Andrey"]
[Result "1/2-1/2"]
[WhiteElo "2690"]
[BlackElo "2420"]
[Annotator "TA"]
[PlyCount "39"]
[EventDate "2024.03.28"]
[EventType "swiss"]
[EventCountry "GER"]
[SourceTitle "playchess.com"]
[Source "ChessBase"]
[SourceQuality "1"]

1. e4 e6 2. d4 d5 3. Nc3 Nf6 4. e5 Nfd7 5. f4 c5 6. Nf3 Nc6 7. Be3 cxd4 8. Nxd4 Qb6 9. Qd2 Qxb2 10. Rb1 Qa3 11. Bb5 Nxd4 12. Bxd4 a6 13. Bxd7+ Bxd7 14. Rb3 Qe7 15. Rxb7 Rc8 16. O-O Qd8 17. Qe3 Rc4 18. Rfb1 Be7 19. f5 Bg5 20. Qf2 1/2-1/2

[Event "GRENKE Chess Open 2024"]
[Site "Karlsruhe"]
[Date "2024.03.30"]
[Round "5.3"]
[White "Yoo, Christopher Woojin"]
[Black "Niemann, Hans Moke"]
[Result "1/2-1/2"]
[WhiteElo "2583"]
[BlackElo "2676"]
[Annotator "TA"]
[PlyCount "20"]
[EventDate "2024.03.28"]
[EventType "swiss"]
[EventCountry "GER"]
[SourceTitle "playchess.com"]
[Source "ChessBase"]
[SourceQuality "1"]

1. e4 e5 2. Nf3 Nc6 3. Bb5 a6 4. Ba4 Nf6 5. O-O Be7 6. Re1 b5 7. Bb3 O-O 8. a4 b4 9. d4 d6 10. dxe5 dxe5 1/2-1/2

[Event "GRENKE Chess Open 2024"]
[Site "Karlsruhe"]
[Date "2024.03.30"]
[Round "5.3"]
[White "Niermann, Tristan"]
[Black "Wong, Gengchun"]
[Result "0-1"]
[WhiteElo "2422"]
[BlackElo "2283"]
[Annotator "TA"]
[PlyCount "78"]
[EventDate "2024.03.28"]
[EventType "swiss"]
[EventCountry "GER"]
[SourceTitle "playchess.com"]
[Source "ChessBase"]
[SourceQuality "1"]

1. Nf3 d5 2. c4 e6 3. g3 Nf6 4. Bg2 Be7 5. O-O O-O 6. d4 dxc4 7. Qc2 b5 8. a4 b4 9. Ne5 Qxd4 10. Nxc4 Nd5 11. Be3 Qf6 12. Nbd2 c6 13. Ne4 Qf5 14. Bd2 a5 15. f4 Nd7 16. Qc1 Qg6 17. Ncd6 f5 18. Nxc8 Raxc8 19. Nf2 Bc5 20. e3 Kh8 21. Kh1 N5f6 22. Qc4 Rfe8 23. Rac1 Nd5 24. Qe2 Bb6 25. e4 N5f6 26. e5 Nd5 27. Bf3 Qf7 28. Qd1 Bd4 29. Qb3 N7b6 30. Be2 c5 31. Rc2 Red8 32. Nh3 c4 33. Ng5 cxb3 34. Nxf7+ Kg8 35. Rxc8 Rxc8 36. Ng5 Bxb2 37. Nxe6 Bc3 38. Rd1 b2 39. Bd3 Bxd2 0-1

[Event "GRENKE Chess Open 2024"]
[Site "Karlsruhe"]
[Date "2024.03.30"]
[Round "5.3"]
[White "Spiric, Igor"]
[Black "Culum, Sanjin"]
[Result "0-1"]
[WhiteElo "2202"]
[BlackElo "2359"]
[Annotator "RC"]
[PlyCount "76"]
[EventDate "2024.03.28"]
[EventType "swiss"]
[EventCountry "GER"]
[SourceTitle "playchess.com"]
[Source "ChessBase"]
[SourceQuality "1"]

1. Nf3 Nf6 2. c4 e6 3. b3 d5 4. Bb2 c5 5. e3 Nc6 6. d3 Be7 7. Be2 O-O 8. O-O d4 9. exd4 cxd4 10. Re1 Re8 11. a3 a5 12. Nbd2 e5 13. Bf1 Bf8 14. Qc2 h6 15. Ne4 Nxe4 16. Rxe4 Bf5 17. Ree1 Qd7 18. Nd2 Rad8 19. g3 Bh3 20. f3 Bxf1 21. Rxf1 f5 22. Rae1 Bc5 23. Kg2 Qd6 24. Qc1 Qg6 25. Qc2 h5 26. Kh1 b6 27. Bc1 Rf8 28. Rg1 Rde8 29. Rg2 Qd6 30. g4 e4 31. gxf5 exf3 32. Nxf3 Rxe1+ 33. Nxe1 Rxf5 34. Qe2 Qf6 35. Qe8+ Bf8 36. Rg6 Rf1+ 37. Kg2 Qf2+ 38. Kh3 Qf6 0-1

[Event "GRENKE Chess Open 2024"]
[Site "Karlsruhe"]
[Date "2024.03.30"]
[Round "5.4"]
[White "Anton Guijarro, David"]
[Black "Hrbek, Stepan"]
[Result "1/2-1/2"]
[WhiteElo "2671"]
[BlackElo "2417"]
[Annotator "TA"]
[PlyCount "41"]
[EventDate "2024.03.28"]
[EventType "swiss"]
[EventCountry "GER"]
[SourceTitle "playchess.com"]
[Source "ChessBase"]
[SourceQuality "1"]

1. e4 e5 2. Nf3 Nc6 3. Bb5 Nf6 4. O-O Nxe4 5. Re1 Nd6 6. a4 Be7 7. Nc3 O-O 8. d4 e4 9. Nxe4 Nxe4 10. Rxe4 a6 11. Bf1 d5 12. Re1 Bg4 13. c3 a5 14. h3 Bh5 15. Bf4 Bd6 16. Bxd6 Qxd6 17. Re3 Rae8 18. Qd2 Rxe3 19. Qxe3 Bxf3 20. Qxf3 Re8 21. g3 1/2-1/2

[Event "GRENKE Chess Open 2024"]
[Site "Karlsruhe"]
[Date "2024.03.30"]
[Round "5.4"]
[White "Muradli, Mahammad"]
[Black "Saric, Ivan"]
[Result "0-1"]
[WhiteElo "2555"]
[BlackElo "2670"]
[Annotator "RC"]
[PlyCount "133"]
[EventDate "2024.03.28"]
[EventType "swiss"]
[EventCountry "GER"]
[SourceTitle "playchess.com"]
[Source "ChessBase"]
[SourceQuality "1"]

1. d4 Nf6 2. c4 e6 3. Nf3 d5 4. g3 Bb4+ 5. Bd2 a5 6. Bg2 O-O 7. Qc1 Be7 8. O-O c6 9. Bf4 Nbd7 10. Rd1 a4 11. Nbd2 Nh5 12. Be3 f5 13. Ne1 f4 14. Bxf4 Nxf4 15. gxf4 Rxf4 16. e3 Rg4 17. f4 c5 18. Ndf3 Qb6 19. Nd3 cxd4 20. Nxd4 Bf6 21. c5 Qa6 22. Kh1 Nf8 23. b4 Bd7 24. Bf1 Bxd4 25. exd4 Bb5 26. Qe3 Rh4 27. Bh3 Bxd3 28. Rxd3 Rxf4 29. Rf1 Rxf1+ 30. Bxf1 a3 31. Qc1 Qa4 32. Qd2 Ng6 33. Rf3 Rf8 34. Rxf8+ Nxf8 35. Bd3 Qe8 36. b5 e5 37. Qe3 e4 38. Be2 Ne6 39. Bg4 Nc7 40. b6 Ne6 41. Kg1 h5 42. Bxe6+ Qxe6 43. Kf2 Qf6+ 44. Ke2 h4 45. Kd2 Kf7 46. Kc2 Ke7 47. Kc3 g5 48. Kb4 g4 49. Ka5 Kd7 50. Qe2 Qf3 51. c6+ bxc6 52. Qc2 Qd3 53. Qc5 e3 54. b7 e2 55. Qd6+ Kxd6 56. b8=Q+ Kd7 57. Qb7+ Ke6 58. Qc8+ Kf7 59. Qd7+ Kf6 60. Qd6+ Kg5 61. Qe5+ Qf5 62. Qe3+ Kf6 63. Qxe2 g3 64. hxg3 hxg3 65. Kb6 Qe4 66. Qd2 g2 67. Qf2+ 0-1

[Event "GRENKE Chess Open 2024"]
[Site "Karlsruhe"]
[Date "2024.03.30"]
[Round "5.4"]
[White "Dolzhykova, Kateryna"]
[Black "Petrovskyi, Vadym"]
[Result "0-1"]
[WhiteElo "2259"]
[BlackElo "2421"]
[Annotator "TA"]
[PlyCount "56"]
[EventDate "2024.03.28"]
[EventType "swiss"]
[EventCountry "GER"]
[SourceTitle "playchess.com"]
[Source "ChessBase"]
[SourceQuality "1"]

1. e4 c5 2. Nf3 d6 3. d4 cxd4 4. Nxd4 Nf6 5. Nc3 a6 6. h3 e5 7. Nde2 h5 8. g3 Be6 9. Bg2 b5 10. Be3 Nbd7 11. a4 b4 12. Nd5 Nxd5 13. exd5 Bf5 14. O-O Nf6 15. f4 Qc8 16. fxe5 dxe5 17. d6 Bxh3 18. Rxf6 gxf6 19. Qf1 Bxg2 20. Qxf6 Rg8 21. Nd4 exd4 22. Re1 Qe6 23. Bf2 Be4 24. Qxd4 f5 25. d7+ Kd8 26. Rd1 Bd6 27. Qb6+ Kxd7 28. Bc5 Rxg3+ 0-1

[Event "GRENKE Chess Open 2024"]
[Site "Karlsruhe"]
[Date "2024.03.30"]
[Round "5.4"]
[White "Boulos, Paul"]
[Black "Hagner, Bennet"]
[Result "1/2-1/2"]
[WhiteElo "2197"]
[BlackElo "2354"]
[Annotator "RC"]
[PlyCount "125"]
[EventDate "2024.03.28"]
[EventType "swiss"]
[EventCountry "GER"]
[SourceTitle "playchess.com"]
[Source "ChessBase"]
[SourceQuality "1"]

1. e4 e5 2. Nf3 Nc6 3. Bb5 a6 4. Ba4 d6 5. c3 Nf6 6. O-O Nxe4 7. d4 f5 8. dxe5 b5 9. Bc2 dxe5 10. Qxd8+ Kxd8 11. Bxe4 fxe4 12. Ng5 Ke8 13. Nxe4 Bf5 14. Nbd2 Be7 15. Re1 Rd8 16. f3 Kf7 17. Nb3 Rd5 18. Be3 a5 19. a4 Rb8 20. Nbc5 Bxc5 21. Nxc5 bxa4 22. Re2 a3 23. Rxa3 Rb5 24. Ne4 Rd1+ 25. Kf2 Rb1 26. Ra2 h6 27. Nc5 Ne7 28. c4 Rb8 29. b3 Nc6 30. Bd2 Ra8 31. Bc3 Re8 32. Bxa5 Nd4 33. Re3 Nc2 34. Rc3 Ra8 35. Ra4 Rb2 36. Bxc7 Nd4+ 37. Ke1 Rb1+ 38. Kd2 Rb2+ 39. Kd1 Rc8 40. Ra7 Ke8 41. Bxe5 Nc6 42. Rc7 Rd8+ 43. Rd3 Nxe5 44. Rxd8+ Kxd8 45. Rxg7 Ke8 46. Ne4 Kf8 47. Rc7 Rxg2 48. Rc5 Bxe4 49. fxe4 Nd3 50. Rf5+ Kg7 51. e5 Kg6 52. Rf8 Kg7 53. Rf5 Rxh2 54. e6 Rh4 55. Kd2 Nb4 56. Kc3 Nc6 57. b4 Kg6 58. Rf8 Rh3+ 59. Kd2 Rh2+ 60. Ke3 Rh5 61. b5 Re5+ 62. Kf4 Rxe6 63. bxc6 1/2-1/2

[Event "GRENKE Chess Open 2024"]
[Site "Karlsruhe"]
[Date "2024.03.30"]
[Round "5.5"]
[White "Shevchenko, Kirill"]
[Black "Nemec, Jachym"]
[Result "*"]
[WhiteElo "2670"]
[BlackElo "2412"]
[Annotator "RC"]
[PlyCount "37"]
[EventDate "2024.03.28"]
[EventType "swiss"]
[EventCountry "GER"]
[SourceTitle "playchess.com"]
[Source "ChessBase"]
[SourceQuality "1"]

1. d4 d5 2. c4 e6 3. Nf3 Nf6 4. Nc3 Nbd7 5. Bf4 Bb4 6. Qb3 c5 7. cxd5 exd5 8. dxc5 a5 9. a3 Nxc5 10. Qc2 Bxc3+ 11. Qxc3 Ne6 12. e3 O-O 13. Bb5 Ne4 14. Qd3 Nxf4 15. exf4 Bf5 16. Nd4 Nxf2 17. Qxf5 Nxh1 18. Ke2 Qb6 19. Rd1 *

[Event "GRENKE Chess Open 2024"]
[Site "Karlsruhe"]
[Date "2024.03.30"]
[Round "5.5"]
[White "Kollars, Dmitrij"]
[Black "Pultinevicius, Paulius"]
[Result "1-0"]
[WhiteElo "2629"]
[BlackElo "2575"]
[Annotator "TA"]
[PlyCount "77"]
[EventDate "2024.03.28"]
[EventType "swiss"]
[EventCountry "GER"]
[SourceTitle "playchess.com"]
[Source "ChessBase"]
[SourceQuality "1"]

1. e4 c6 2. Nf3 d5 3. Nc3 dxe4 4. Nxe4 Nf6 5. Qe2 Na6 6. d4 Nxe4 7. Qxe4 Qd5 8. Qxd5 cxd5 9. Ne5 Nb8 10. Bb5+ Nd7 11. Be2 a6 12. Nd3 Nb8 13. c3 Bf5 14. Nf4 e6 15. g4 Bc2 16. h4 Bd6 17. Be3 Nc6 18. Rc1 Ba4 19. b3 Bb5 20. c4 dxc4 21. a4 Nxd4 22. axb5 Nxe2 23. Kxe2 cxb3 24. bxa6 bxa6 25. Rc3 O-O 26. Rxb3 a5 27. Ra1 a4 28. Rb6 Be7 29. h5 h6 30. Rb7 Bd6 31. Rd7 Be5 32. Ra2 Bxf4 33. Bxf4 Rfc8 34. Bd2 Rc4 35. f3 f5 36. Kd3 Rac8 37. gxf5 exf5 38. f4 Re4 39. Rb2 1-0

[Event "GRENKE Chess Open 2024"]
[Site "Karlsruhe"]
[Date "2024.03.30"]
[Round "5.5"]
[White "Schmider, Niklas"]
[Black "Hourigan, Gerrit"]
[Result "1/2-1/2"]
[WhiteElo "2421"]
[BlackElo "2278"]
[Annotator "TA"]
[PlyCount "91"]
[EventDate "2024.03.28"]
[EventType "swiss"]
[EventCountry "GER"]
[SourceTitle "playchess.com"]
[Source "ChessBase"]
[SourceQuality "1"]

1. Nf3 d5 2. e3 Nf6 3. c4 e6 4. Nc3 dxc4 5. Bxc4 a6 6. Bb3 c5 7. d4 Nc6 8. O-O cxd4 9. exd4 Be7 10. Re1 O-O 11. a3 b5 12. d5 exd5 13. Nxd5 Nxd5 14. Bxd5 Bb7 15. Bf4 Na5 16. Bxb7 Nxb7 17. Qe2 Bf6 18. Rad1 Qb6 19. Be3 Qe6 20. Nd4 Bxd4 21. Rxd4 Rad8 22. Rg4 Rfe8 23. h3 f5 24. Rh4 Nd6 25. Qc2 Qf6 26. Rd4 Rc8 27. Qb3+ Nc4 28. Red1 Qe6 29. Bf4 Qe2 30. Bc1 Rc6 31. a4 bxa4 32. Qxa4 Qe6 33. b3 Nb6 34. Qb4 Nd5 35. Rxd5 Rxc1 36. Rxc1 Qxd5 37. Rc5 Qe6 38. Kh2 Rc8 39. Ra5 h6 40. Qb7 Rc6 41. Qb8+ Rc8 42. Qf4 Qxb3 43. Qxf5 Rf8 44. Qc5 Qb8+ 45. g3 Qb2 46. Kg2 1/2-1/2

[Event "GRENKE Chess Open 2024"]
[Site "Karlsruhe"]
[Date "2024.03.30"]
[Round "5.5"]
[White "Collins, Adam"]
[Black "Elgersma, Onno"]
[Result "0-1"]
[WhiteElo "2194"]
[BlackElo "2351"]
[Annotator "RC"]
[PlyCount "110"]
[EventDate "2024.03.28"]
[EventType "swiss"]
[EventCountry "GER"]
[SourceTitle "playchess.com"]
[Source "ChessBase"]
[SourceQuality "1"]

1. d4 Nf6 2. c4 e6 3. Nf3 Bb4+ 4. Nbd2 O-O 5. a3 Bxd2+ 6. Qxd2 b6 7. e3 Bb7 8. b4 d6 9. Bb2 Nbd7 10. Be2 Qe7 11. O-O a5 12. Rfc1 Ne4 13. Qe1 f5 14. c5 Bd5 15. cxd6 cxd6 16. Rc7 Rfc8 17. Rac1 Rxc7 18. Rxc7 Qd8 19. Qc1 Nec5 20. dxc5 Qxc7 21. Qc3 Nf6 22. cxb6 Qxc3 23. Bxc3 Ne4 24. Be1 axb4 25. Bxb4 Rb8 26. Nd4 Rxb6 27. f3 Nc5 28. Nb5 Nb7 29. Kf2 Bc6 30. Nc7 Bd7 31. Na8 Rc6 32. Ke1 Rc1+ 33. Kd2 Rg1 34. Nb6 Bc6 35. Nc8 Kf7 36. Nxd6+ Nxd6 37. Bxd6 Rxg2 38. Ke1 Rg1+ 39. Kf2 Ra1 40. Bc4 g5 41. Bb4 h5 42. Bd6 h4 43. Bb4 Rh1 44. Bd6 Rc1 45. Be2 Rc2 46. Ke1 Rb2 47. Bb4 Bd5 48. Bd6 Kg6 49. Bb4 Ra2 50. Bd6 Kf6 51. Bb4 e5 52. Kf1 f4 53. exf4 gxf4 54. Bd6 h3 55. Ke1 Ra1+ 0-1

[Event "GRENKE Chess Open 2024"]
[Site "Karlsruhe"]
[Date "2024.03.30"]
[Round "5.6"]
[White "Erdogmus, Yagiz Kaan"]
[Black "Mishra, Abhimanyu"]
[Result "1/2-1/2"]
[WhiteElo "2540"]
[BlackElo "2627"]
[Annotator "TA"]
[PlyCount "48"]
[EventDate "2024.03.28"]
[EventType "swiss"]
[EventCountry "GER"]
[SourceTitle "playchess.com"]
[Source "ChessBase"]
[SourceQuality "1"]

1. d4 d5 2. c4 c6 3. cxd5 cxd5 4. Nc3 Nf6 5. Bf4 Nc6 6. e3 a6 7. Bd3 Bg4 8. Nge2 e6 9. h3 Bxe2 10. Qxe2 Bd6 11. Bg5 O-O 12. O-O h6 13. Bh4 Be7 14. Rfc1 Ne8 15. Bxe7 Qxe7 16. Na4 Nd6 17. a3 Na5 18. Rc3 Rac8 19. Rac1 Rxc3 20. Rxc3 Nac4 21. Bxc4 Nxc4 22. Nc5 Rc8 23. Qc2 Nd6 24. Nd3 Rxc3 1/2-1/2

[Event "GRENKE Chess Open 2024"]
[Site "Karlsruhe"]
[Date "2024.03.30"]
[Round "5.6"]
[White "Milov, Leonid"]
[Black "Janeczko, Jakub"]
[Result "0-1"]
[WhiteElo "2415"]
[BlackElo "2278"]
[Annotator "TA"]
[PlyCount "124"]
[EventDate "2024.03.28"]
[EventType "swiss"]
[EventCountry "GER"]
[SourceTitle "playchess.com"]
[Source "ChessBase"]
[SourceQuality "1"]

1. e4 c5 2. Nf3 Nc6 3. Bb5 g6 4. O-O Bg7 5. c3 e5 6. Na3 Nge7 7. Re1 O-O 8. h3 d6 9. Nc2 a6 10. Bf1 d5 11. d3 d4 12. Bd2 Qd6 13. Qb1 h6 14. b4 b6 15. bxc5 bxc5 16. Na3 Be6 17. Qc1 Kh7 18. cxd4 cxd4 19. Nc4 Qc5 20. Na5 Qxc1 21. Rexc1 Nxa5 22. Bxa5 Rfc8 23. Bc7 f6 24. a3 Ra7 25. Bd6 Rxc1 26. Rxc1 Nc8 27. Bb4 a5 28. Bd2 Kg8 29. Rc5 a4 30. Bb4 Bf8 31. Rb5 Bd7 32. Rb8 Bxb4 33. Rxb4 Rc7 34. Nd2 Rc3 35. Nc4 Rb3 36. Be2 Rxb4 37. axb4 Nd6 38. Na3 Nb5 39. Nc2 a3 40. Kf1 a2 41. Ke1 Nc3 42. Bf1 Ba4 43. Na1 Kf7 44. Kd2 Bd1 45. g3 g5 46. Kc1 Ke6 47. Kb2 Kd6 48. Bg2 Kc6 49. Bf1 Kb6 50. Bg2 Kb5 51. f3 Kxb4 52. h4 Ka4 53. Bh3 Bxf3 54. Be6 Bd1 55. Bc4 Kb4 56. Be6 Kb5 57. Kc1 Ba4 58. Kb2 Kb4 59. Bh3 Nd1+ 60. Kxa2 Kc3 61. Ka3 Nb2 62. Bf5 Bd1 0-1

[Event "GRENKE Chess Open 2024"]
[Site "Karlsruhe"]
[Date "2024.03.30"]
[Round "5.6"]
[White "Lumachi, Gabriele"]
[Black "Chigaev, Maksim"]
[Result "*"]
[WhiteElo "2413"]
[BlackElo "2617"]
[Annotator "RC"]
[PlyCount "29"]
[EventDate "2024.03.28"]
[EventType "swiss"]
[EventCountry "GER"]
[SourceTitle "playchess.com"]
[Source "ChessBase"]
[SourceQuality "1"]

1. e4 e5 2. Nf3 Nc6 3. Bb5 a6 4. Ba4 Nf6 5. O-O Be7 6. Re1 b5 7. Bb3 d6 8. c3 O-O 9. h3 h6 10. d4 Re8 11. Nbd2 Bf8 12. Bc2 Bd7 13. a3 a5 14. b3 b4 15. Bb2 *

[Event "GRENKE Chess Open 2024"]
[Site "Karlsruhe"]
[Date "2024.03.30"]
[Round "5.6"]
[White "Schiffer, Stefan"]
[Black "Hulka, Valentyn"]
[Result "1/2-1/2"]
[WhiteElo "2192"]
[BlackElo "2349"]
[Annotator "RC"]
[PlyCount "43"]
[EventDate "2024.03.28"]
[EventType "swiss"]
[EventCountry "GER"]
[SourceTitle "playchess.com"]
[Source "ChessBase"]
[SourceQuality "1"]

1. e4 c5 2. Nf3 Nc6 3. Bb5 Nf6 4. Bxc6 dxc6 5. d3 Qc7 6. h3 e5 7. Be3 Be7 8. Nbd2 Be6 9. a3 Nd7 10. Ng5 Bxg5 11. Bxg5 O-O 12. O-O b6 13. Qe2 Rae8 14. Be3 a5 15. Rae1 f5 16. exf5 Bxf5 17. f3 Nf6 18. Ne4 Nd5 19. Bd2 Qd7 20. Qf2 Nf4 21. Bxf4 exf4 22. Nc3 1/2-1/2

[Event "GRENKE Chess Open 2024"]
[Site "Karlsruhe"]
[Date "2024.03.30"]
[Round "5.7"]
[White "Ivic, Velimir"]
[Black "Decuigniere, Tom"]
[Result "*"]
[WhiteElo "2582"]
[BlackElo "2402"]
[Annotator "RC"]
[PlyCount "33"]
[EventDate "2024.03.28"]
[EventType "swiss"]
[EventCountry "GER"]
[SourceTitle "playchess.com"]
[Source "ChessBase"]
[SourceQuality "1"]

1. e4 e5 2. Nf3 Nc6 3. Bc4 Nf6 4. d3 h6 5. O-O d6 6. a4 a5 7. c3 g5 8. Qb3 Qe7 9. Be3 Bg7 10. Nbd2 Rb8 11. d4 O-O 12. dxe5 Nxe5 13. Nxe5 dxe5 14. f3 b6 15. g4 Ne8 16. Rfd1 Nd6 17. Bd5 *

[Event "GRENKE Chess Open 2024"]
[Site "Karlsruhe"]
[Date "2024.03.30"]
[Round "5.7"]
[White "Kaufeld, Juergen"]
[Black "Gnojek, Petr"]
[Result "1/2-1/2"]
[WhiteElo "2257"]
[BlackElo "2414"]
[Annotator "TA"]
[PlyCount "60"]
[EventDate "2024.03.28"]
[EventType "swiss"]
[EventCountry "GER"]
[SourceTitle "playchess.com"]
[Source "ChessBase"]
[SourceQuality "1"]

1. e4 c5 2. Nf3 d6 3. d4 cxd4 4. Nxd4 Nf6 5. Nc3 e6 6. g3 Be7 7. Bg2 O-O 8. O-O a6 9. b3 Qc7 10. Bb2 Bd7 11. Nce2 Nc6 12. c4 Rac8 13. Qd2 Nxd4 14. Nxd4 b5 15. cxb5 axb5 16. Rfc1 Qa7 17. Rxc8 Rxc8 18. a4 bxa4 19. bxa4 Ng4 20. h3 Ne5 21. Nb5 Qb7 22. Bxe5 dxe5 23. Nd6 Bxd6 24. Qxd6 Rc2 25. Qxe5 Qa7 26. Qf4 Qd4 27. Rb1 Qxa4 28. Rb8+ Rc8 29. Rxc8+ Bxc8 30. Qc7 Qd7 1/2-1/2

[Event "GRENKE Chess Open 2024"]
[Site "Karlsruhe"]
[Date "2024.03.30"]
[Round "5.7"]
[White "Khachatryan, Taron"]
[Black "Lenaerts, Lennert"]
[Result "1/2-1/2"]
[WhiteElo "2189"]
[BlackElo "2347"]
[Annotator "RC"]
[PlyCount "42"]
[EventDate "2024.03.28"]
[EventType "swiss"]
[EventCountry "GER"]
[SourceTitle "playchess.com"]
[Source "ChessBase"]
[SourceQuality "1"]

1. Nf3 d5 2. e3 Nf6 3. c4 e6 4. Nc3 dxc4 5. Bxc4 c5 6. O-O Be7 7. d4 a6 8. Qe2 b5 9. Bb3 Bb7 10. dxc5 Nbd7 11. Bc2 Nxc5 12. a3 Qc7 13. e4 e5 14. Rd1 O-O 15. Nd5 Nxd5 16. exd5 Rad8 17. Qxe5 Qxe5 18. Nxe5 Bxd5 19. Be3 Ne6 20. Bb6 Rd6 21. Ba5 Bb7 1/2-1/2

[Event "GRENKE Chess Open 2024"]
[Site "Karlsruhe"]
[Date "2024.03.30"]
[Round "5.8"]
[White "Shevchenko, Kirill"]
[Black "Nemec, Jachym"]
[Result "1-0"]
[WhiteElo "2670"]
[BlackElo "2412"]
[Annotator "TA"]
[PlyCount "125"]
[EventDate "2024.03.28"]
[EventType "swiss"]
[EventCountry "GER"]
[SourceTitle "playchess.com"]
[Source "ChessBase"]
[SourceQuality "1"]

1. e4 c5 2. Nf3 Nc6 3. Nc3 g6 4. d4 cxd4 5. Nxd4 Bg7 6. Be3 Nf6 7. Bc4 d6 8. f3 O-O 9. Bb3 Qa5 10. Qd2 Nxd4 11. Bxd4 Be6 12. O-O-O b5 13. Kb1 b4 14. Nd5 Bxd5 15. exd5 Qb5 16. Rhe1 a5 17. Qe2 Qxe2 18. Rxe2 a4 19. Bc4 Rfc8 20. b3 Rc7 21. g4 a3 22. Rde1 Kf8 23. g5 Ne8 24. Re4 Rb8 25. Bxg7+ Nxg7 26. Rh4 Kg8 27. Bd3 e6 28. Ree4 Rcb7 29. dxe6 fxe6 30. Kc1 d5 31. Rd4 Ne8 32. Kd2 Nd6 33. c3 bxc3+ 34. Kxc3 Rc7+ 35. Kd2 Nf5 36. Rb4 Rbc8 37. Rhg4 e5 38. Rb5 Rc1 39. Rxd5 Ra1 40. Bc4 Rxa2+ 41. Kc3 Kf8 42. Rxe5 Rf2 43. Rf4 Ra8 44. Re1 a2 45. Ra1 Ke7 46. Re4+ Kd7 47. Bd5 Ra5 48. Be6+ Kd6 49. Kb4 Ra8 50. Rd1+ Kc7 51. Rc4+ Kb6 52. Bxf5 gxf5 53. Rd6+ Kb7 54. Rd7+ Kb6 55. Rdc7 Ra4+ 56. bxa4 Rb2+ 57. Kc3 Rc2+ 58. Kxc2 a1=Q 59. R4c6+ Ka5 60. Ra7+ Kb4 61. Rb7+ Ka3 62. Rb3+ Ka2 63. Rcc3 1-0

[Event "GRENKE Chess Open 2024"]
[Site "Karlsruhe"]
[Date "2024.03.30"]
[Round "5.8"]
[White "Garifullina, Leya"]
[Black "Heinrich, John"]
[Result "1-0"]
[WhiteElo "2413"]
[BlackElo "2275"]
[Annotator "TA"]
[PlyCount "79"]
[EventDate "2024.03.28"]
[EventType "swiss"]
[EventCountry "GER"]
[SourceTitle "playchess.com"]
[Source "ChessBase"]
[SourceQuality "1"]

1. e4 c5 2. Nf3 d6 3. d4 cxd4 4. Nxd4 Nf6 5. Nc3 a6 6. Be3 e6 7. a3 b5 8. g4 e5 9. Nf5 g6 10. g5 gxf5 11. gxf6 f4 12. Bd2 Nd7 13. a4 bxa4 14. Rxa4 Nxf6 15. Bc4 Bb7 16. Qe2 Qc8 17. Rg1 Bh6 18. b3 Ke7 19. Kd1 Rg8 20. Rxg8 Qxg8 21. Be1 f3 22. Qxf3 Qg5 23. Ra1 Rg8 24. Nd5+ Nxd5 25. Bxd5 Bxd5 26. exd5 f5 27. Ke2 e4 28. Qh3 Rc8 29. c4 Ra8 30. b4 Rc8 31. c5 dxc5 32. bxc5 Qg6 33. c6 Rb8 34. Rxa6 Rb2+ 35. Kf1 Rb1 36. Qa3+ Kf7 37. Ra7+ Kg8 38. Qg3 Qxg3 39. hxg3 Bd2 40. c7 1-0

[Event "GRENKE Chess Open 2024"]
[Site "Karlsruhe"]
[Date "2024.03.30"]
[Round "5.8"]
[White "Sowinski, Pawel"]
[Black "Meshkovs, Nikita"]
[Result "*"]
[WhiteElo "2387"]
[BlackElo "2556"]
[Annotator "RC"]
[PlyCount "43"]
[EventDate "2024.03.28"]
[EventType "swiss"]
[EventCountry "GER"]
[SourceTitle "playchess.com"]
[Source "ChessBase"]
[SourceQuality "1"]

1. e4 c5 2. Nf3 Nc6 3. Nc3 g6 4. d4 cxd4 5. Nxd4 Bg7 6. Be3 Nf6 7. Bc4 d6 8. f3 O-O 9. Bb3 Qa5 10. Qd2 Nxd4 11. Bxd4 Be6 12. O-O-O b5 13. Kb1 b4 14. Nd5 Bxd5 15. exd5 Qb5 16. Rhe1 a5 17. Qe2 Qxe2 18. Rxe2 a4 19. Bc4 Rfc8 20. b3 Rc7 21. g4 a3 22. Rde1 *

[Event "GRENKE Chess Open 2024"]
[Site "Karlsruhe"]
[Date "2024.03.30"]
[Round "5.8"]
[White "Stelmaszyk, Nico"]
[Black "Hebbinghaus, Holger"]
[Result "1-0"]
[WhiteElo "2347"]
[BlackElo "2181"]
[Annotator "RC"]
[PlyCount "165"]
[EventDate "2024.03.28"]
[EventType "swiss"]
[EventCountry "GER"]
[SourceTitle "playchess.com"]
[Source "ChessBase"]
[SourceQuality "1"]

1. e4 c6 2. Nf3 d5 3. Nc3 dxe4 4. Nxe4 Nf6 5. Qe2 Nxe4 6. Qxe4 Nd7 7. Bc4 Nf6 8. Ne5 e6 9. Qf4 Qc7 10. d4 b5 11. Be2 Bb7 12. O-O Bd6 13. Qg3 O-O 14. Bh6 Ne8 15. Bf4 Nf6 16. Nd3 Bxf4 17. Qxf4 Qxf4 18. Nxf4 Rfd8 19. Rfd1 g5 20. Nh3 Rd5 21. a4 b4 22. f4 g4 23. Nf2 h5 24. Bc4 Rd6 25. c3 bxc3 26. bxc3 c5 27. dxc5 Rxd1+ 28. Rxd1 Rc8 29. Nd3 Be4 30. Ba6 Rc7 31. Ne5 Rxc5 32. c4 Kg7 33. Bb5 h4 34. g3 h3 35. Kf2 Rc7 36. a5 Bf5 37. Ke3 Ne4 38. Rd4 Nc5 39. a6 f6 40. Nc6 Nxa6 41. Bxa6 Rxc6 42. Rd7+ Kf8 43. Bb5 Rc5 44. Rxa7 e5 45. fxe5 Rxe5+ 46. Kd2 Be6 47. Ra1 Ke7 48. Re1 Kd6 49. Rxe5 fxe5 50. Ke3 Bf5 51. Be8 Be6 52. Bh5 Bf5 53. Bf7 Kc6 54. Bd5+ Kc5 55. Be4 Bd7 56. Bd3 Bc6 57. Be2 Bg2 58. Bxg4 Kxc4 59. Bc8 Kc5 60. g4 Kd6 61. g5 Ke7 62. Bf5 Kf7 63. Kf2 Bd5 64. Kg3 Bc6 65. Kxh3 e4 66. Kg3 e3 67. h4 Kg7 68. Bd3 Be8 69. Kf4 Bg6 70. Kxe3 Be8 71. Kf4 Bh5 72. Bf5 Bf7 73. Kg4 Be8 74. h5 Bf7 75. h6+ Kh8 76. Kf4 Be8 77. Ke5 Bh5 78. Kf6 Bf7 79. Be6 Bg6 80. Bf7 Bd3 81. Bh5 Bc2 82. Bg4 Bd3 83. Bf5 1-0